000 nam a22 7a 4500
999 _c47483
_d47483
003 OSt
005 20190511163731.0
008 190511b xxu||||| |||| 00| 0 eng d
040 _cIIMT UNIVERSITY
100 _aNETTER
245 _aCONCISE ATLAS ORTHOPAEDIC ANATOMY
260 _aUSA
_bELSEVIER PUB
_c2002
300 _a320
942 _2ddc
_c01
_e2002